[Event "WR Chess Masters 2023"]
[Site "Dusseldorf GER"]
[Date "2023.02.22"]
[Round "6"]
[White "Nepomniachtchi,I"]
[Black "Esipenko,Andrey"]
[Result "1/2-1/2"]
[WhiteElo "2793"]
[BlackElo "2675"]
[EventDate "2023.02.16"]

1. d4 Nf6 2. c4 e6 3. Nc3 Bb4 4. Qc2 d5 5. a3 Bxc3+ 6. Qxc3 O-O 7. cxd5 Ne4
8. Qc2 exd5 9. Bf4 Bf5 10. Qxc7 Qxc7 11. Bxc7 Rc8 12. Bf4 Nc6 13. f3 Nf6
14. g4 Nxd4 15. Rd1 Ne6 16. gxf5 Nxf4 17. e3 N4h5 18. Ne2 Rc2 19. Rd2 Rxd2
20. Kxd2 Ne8 21. Nd4 Nhf6 22. Bd3 Rc8 23. Re1 Nd7 24. Bb1 Nd6 25. Ba2 Nf6
26. Ke2 Kf8 27. Kf2 Ke7 28. Kg3 Rc5 29. Rd1 Nh5+ 30. Kf2 Nf6 31. Bb3 Nb5
32. Ne2 Nd6 33. Nc3 Nxf5 34. Nxd5+ Nxd5 35. Rxd5 Rxd5 36. Bxd5 b6 37. f4
Nh6 38. h3 f6 39. e4 Nf7 40. Kf3 g6 41. h4 Nd6 42. Ke3 h6 43. Kf3 Ne8 44.
Bg8 Ng7 45. Bc4 g5 46. hxg5 hxg5 47. fxg5 fxg5 48. e5 Nf5 49. Bd5 Kd7 50.
Ba2 Ne7 51. Kg4 Nc6 52. Kf5 g4 53. Be6+ Kd8 54. Kf6 g3 55. Bh3 Ne7 56. b4
Nd5+ 57. Kf7 Ne7 58. b5 Nd5 59. Bg2 Ne7 60. Ke6 Nc8 61. Be4 Kc7 62. Bf3 Kd8
63. Bg2 Kc7 64. Kf7 Kd8 65. a4 Ne7 66. Ke6 Nc8 67. Kf5 Ne7+ 68. Kf6 Kd7 69.
Be4 Kd8 70. Ke6 Nc8 71. Kf7 Ne7 72. Bg2 Kd7 73. Bh3+ Kd8 74. e6 Nd5 75. Bg2
Ne7 76. Kf6 Ng8+ 77. Kg7 Ke7 78. Kxg8 Kxe6 79. Bf1 Kd6 80. Kf7 Kc5 81. Ke6
Kb4 82. Kd5 Kxa4 83. Kc6 Ka5 84. Kb7 g2 85. Bxg2 Kxb5 86. Kxa7 Ka5 87. Bf1
b5 88. Bxb5 1/2-1/2

[Event "WR Chess Masters 2023"]
[Site "Dusseldorf GER"]
[Date "2023.02.22"]
[Round "6"]
[White "Duda,J"]
[Black "Keymer,Vincent"]
[Result "1/2-1/2"]
[WhiteElo "2729"]
[BlackElo "2690"]
[EventDate "2023.02.16"]

1. e4 e5 2. Nf3 Nc6 3. Bb5 a6 4. Ba4 Nf6 5. O-O Be7 6. d3 b5 7. Bb3 d6 8.
a4 Bd7 9. c3 O-O 10. Bc2 Re8 11. Re1 h6 12. Nbd2 Bf8 13. Nf1 b4 14. a5 Rb8
15. Ne3 Rb5 16. Ba4 Rxa5 17. Nc4 Rc5 18. Be3 Rb5 19. Bxb5 axb5 20. Ncd2 d5
21. Qc2 bxc3 22. bxc3 b4 23. Ba7 bxc3 24. Qxc3 d4 25. Qb3 Bb4 26. Rec1 Bc3
27. Rxc3 dxc3 28. Qxc3 Qe7 29. Bc5 Qe6 30. h3 Bc8 31. Be3 Bb7 32. Qb2 Bc8
33. Ra3 Nd7 34. Qb5 Nf8 35. Kh2 f6 36. Nb3 Qd6 37. Nc5 Ne6 38. Nh4 Nxc5 39.
Bxc5 Qd7 40. Nf5 Nd8 41. Qc4+ Qe6 42. Ne7+ Kh7 43. Nd5 c6 44. Nb6 Qxc4 45.
Nxc4 Nb7 46. Be3 Be6 47. Nb6 Re7 48. Kg3 Kg6 49. Kf3 Kf7 50. Ke2 h5 51. Rc3
Nd8 52. Na4 Bc8 53. Rb3 Ne6 54. Rb6 Rc7 55. Nc5 Nxc5 56. Bxc5 Bd7 57. Rb8
Be6 58. h4 Rc8 59. Rb7+ Kg8 60. Ke3 Ra8 61. Re7 Bb3 62. Rc7 Ba4 63. f3 Bb5
64. g4 hxg4 65. fxg4 Re8 66. Rd7 Kh7 67. Kf3 Ba4 68. h5 Kg8 69. Kg3 Bb3 70.
Kh4 Be6 71. Rd6 Kf7 72. g5 fxg5+ 73. Kxg5 Rb8 74. Rxc6 Rc8 1/2-1/2

[Event "WR Chess Masters 2023"]
[Site "Dusseldorf GER"]
[Date "2023.02.23"]
[Round "7"]
[White "Aronian,L"]
[Black "Nepomniachtchi,I"]
[Result "0-1"]
[WhiteElo "2736"]
[BlackElo "2793"]
[EventDate "2023.02.16"]

1. d4 Nf6 2. c4 e6 3. Nf3 d5 4. Nc3 Be7 5. Bf4 O-O 6. e3 c5 7. dxc5 Bxc5 8.
cxd5 Nxd5 9. Nxd5 exd5 10. Bd3 Bb4+ 11. Nd2 Nc6 12. O-O Be7 13. Qb3 Bf6 14.
a3 Qe7 15. Rac1 Be6 16. Qb5 Rac8 17. Rc2 a6 18. Qb6 Qd7 19. Nb3 Bd8 20. Qc5
Be7 21. Qb6 Bd8 22. Qc5 Be7 23. Qb6 g5 24. Bg3 Bd8 25. Qc5 Be7 26. Qb6 f5
27. f3 Bd8 28. Qc5 Be7 29. Qb6 Bd8 30. Qc5 f4 31. exf4 gxf4 32. Bf2 Be7 33.
Qb6 Bd8 34. Qc5 Bf6 35. Rfc1 Qg7 36. Qd6 Rce8 37. Re1 Ne5 38. Nd4 Bh3 39.
Bf1 Nf7 40. Qxd5 Rxe1 41. Bxe1 Bxd4+ 42. Kh1 Bc8 43. Bc4 Re8 44. Bb4 Qf6
45. Bd3 Bc3 46. Bxc3 Qxc3 47. g4 Qf6 48. Rc7 Re1+ 49. Kg2 Be6 50. Qh5 Qxb2+
51. Kh3 h6 52. Qg6+ Qg7 53. Kh4 Rh1 0-1

[Event "WR Chess Masters 2023"]
[Site "Dusseldorf GER"]
[Date "2023.02.23"]
[Round "7"]
[White "Esipenko,Andrey"]
[Black "Gukesh,D"]
[Result "0-1"]
[WhiteElo "2675"]
[BlackElo "2718"]
[EventDate "2023.02.16"]

1. d4 Nf6 2. c4 e6 3. Nf3 d5 4. g3 Bb4+ 5. Bd2 Be7 6. Bg2 O-O 7. O-O c6 8.
Qc2 Nbd7 9. b3 b6 10. Nc3 Ba6 11. e4 dxc4 12. Rfe1 e5 13. Ne2 Ng4 14. bxc4
exd4 15. Nexd4 Nde5 16. Nxe5 Nxe5 17. Bc3 Bc5 18. Rad1 Qc7 19. f4 Nxc4 20.
Kh1 Rad8 21. Nf5 f6 22. Rxd8 Qxd8 23. Qe2 g6 24. Nh6+ Kg7 25. Ng4 Bd4 26.
Rd1 c5 27. Qf3 h5 28. Nf2 Ne3 29. Rd2 Qc7 30. Bxd4 cxd4 31. Rxd4 Qc3 32.
Rd7+ Rf7 33. Rxf7+ Kxf7 34. h4 Bc4 35. Bh3 f5 36. Kh2 Qd2 0-1

[Event "WR Chess Masters 2023"]
[Site "Dusseldorf GER"]
[Date "2023.02.23"]
[Round "7"]
[White "Praggnanandhaa,R"]
[Black "So,W"]
[Result "1/2-1/2"]
[WhiteElo "2690"]
[BlackElo "2766"]
[EventDate "2023.02.16"]

1. e4 e5 2. Nf3 Nc6 3. Bc4 Bc5 4. d3 Nf6 5. O-O d6 6. c3 a5 7. Re1 O-O 8.
h3 Be6 9. Bb5 Ba7 10. Be3 Bxe3 11. Rxe3 Ne7 12. d4 c6 13. Bf1 d5 14. Nbd2
exd4 15. Nxd4 Bd7 16. e5 Ne8 17. Bd3 c5 18. N4f3 Nc7 19. Nf1 Bf5 20. Qc2
Qd7 21. Rd1 a4 22. Bxf5 Qxf5 23. Red3 Qe6 24. Ng3 Rfd8 25. b4 axb3 26. axb3
h6 27. b4 b6 28. bxc5 bxc5 29. Rb1 Rdb8 30. Rdd1 Nb5 31. Ne2 Ng6 32. Qd2
Nxe5 33. Qxd5 Nd4 34. Rxb8+ Rxb8 35. Qxe6 Nexf3+ 36. gxf3 Nxe6 37. Rd2 Ra8
38. Kg2 Ra4 39. Kg3 g5 40. Rd5 Kg7 41. Re5 Kf6 42. Re4 Ra3 43. h4 Kf5 44.
hxg5 hxg5 45. Kg2 Ra2 46. Kf1 Ra1+ 47. Kg2 Kf6 48. Re3 Rd1 49. Kh2 Rd2 50.
Kg1 Rc2 51. Re4 Rd2 52. Re3 Kg6 53. Kf1 Ra2 54. Kg1 Ra3 55. Re4 Ra6 56. Re3
f5 57. c4 Kf6 58. Nc3 Nf4 59. Re8 Ra1+ 60. Kh2 Rf1 61. Nd5+ Nxd5 62. cxd5
Rd1 63. Re6+ Kf7 64. Re5 c4 65. d6 c3 66. Rxf5+ Ke6 67. Rc5 Rd3 68. Kg3
Kxd6 69. Rc8 Kd5 70. Kg4 Kd4 71. Rc7 Rd2 72. Kxg5 Rxf2 73. f4 Rg2+ 74. Kh5
c2 75. f5 Ke5 76. Rc5+ Kf6 77. Kh4 Ke7 78. Kh3 Kd6 79. Rc8 Rd2 80. f6 Ke6
81. Rc6+ Rd6 82. Rxc2 Kxf6 1/2-1/2

[Event "WR Chess Masters 2023"]
[Site "Dusseldorf GER"]
[Date "2023.02.23"]
[Round "7"]
[White "Keymer,Vincent"]
[Black "Giri,A"]
[Result "1/2-1/2"]
[WhiteElo "2690"]
[BlackElo "2780"]
[EventDate "2023.02.16"]

1. c4 e5 2. g3 Nf6 3. Bg2 c6 4. d4 Bb4+ 5. Bd2 Bxd2+ 6. Qxd2 d6 7. Nc3 O-O
8. b3 Qe7 9. d5 Rd8 10. Rd1 cxd5 11. Bxd5 Na6 12. Bg2 e4 13. Qe3 Nb4 14.
Bxe4 Nxe4 15. Qxe4 Qxe4 16. Nxe4 b5 17. Nf3 bxc4 18. bxc4 d5 19. Nc3 d4 20.
Nd5 Nxd5 21. cxd5 Bb7 22. Rxd4 Bxd5 23. Rd2 g5 24. O-O Bxf3 25. Rxd8+ Rxd8
26. exf3 Rd2 27. Ra1 a5 28. a4 Rd4 29. Kf1 Kg7 30. Ke2 Kg6 31. Ke3 Rb4 32.
Ra3 h5 33. Ra1 f6 34. Kd3 Kf5 35. Ra2 h4 36. h3 Rb3+ 37. Ke2 Rb4 38. Kd3
Rb3+ 39. Ke2 Rb4 1/2-1/2

[Event "WR Chess Masters 2023"]
[Site "Dusseldorf GER"]
[Date "2023.02.23"]
[Round "7"]
[White "Abdusattorov,Nodirbek"]
[Black "Duda,J"]
[Result "1/2-1/2"]
[WhiteElo "2734"]
[BlackElo "2729"]
[EventDate "2023.02.16"]

1. e4 e5 2. Nf3 Nf6 3. d4 Nxe4 4. dxe5 Bc5 5. Bc4 Nxf2 6. Bxf7+ Kxf7 7.
Qd5+ Kg6 8. Qxc5 Nxh1 9. Nc3 h6 10. Qc4 d6 11. Nd5 Nc6 12. e6 Kh7 13. Qe4+
Kg8 14. e7 Qe8 15. Be3 Bd7 16. Nxc7 Qxe7 17. Qxe7 Nxe7 18. Nxa8 Kf7 19. Nc7
Rc8 20. Bxa7 Rxc7 21. Kd2 Rc4 22. Rxh1 Ra4 23. Bb8 Bc6 24. Bxd6 Bxf3 25.
Bxe7 Bxg2 26. Rg1 Bd5 27. Bc5 Rxa2 28. Ba3 g5 29. Ke3 b5 30. c3 Ke6 31. Kf2
Kf5 32. Kg3 Bc4 33. Re1 Bd3 34. h4 Kg6 35. Rh1 Kh5 36. hxg5+ Kxg5 37. Kf3
h5 38. Rd1 Bc4 39. Rg1+ Kf5 40. Kg3 Ke4 41. Rd1 Ke3 42. Rh1 Kd3 43. Kh4
Rxa3 44. Rh3+ Kc2 45. bxa3 Kb2 46. Kg5 Kxa3 47. Kf4 b4 48. cxb4+ Kxb4 49.
Rxh5 1/2-1/2

[Event "WR Chess Masters 2023"]
[Site "Dusseldorf GER"]
[Date "2023.02.24"]
[Round "8"]
[White "Esipenko,Andrey"]
[Black "Aronian,L"]
[Result "1/2-1/2"]
[WhiteElo "2675"]
[BlackElo "2736"]
[EventDate "2023.02.16"]

1. d4 Nf6 2. c4 e6 3. Nf3 d5 4. g3 dxc4 5. Bg2 c5 6. O-O Nc6 7. Ne5 Bd7 8.
Nxc4 cxd4 9. Bf4 Nd5 10. Nd6+ Bxd6 11. Bxd6 Nde7 12. Nd2 O-O 13. Qb3 Bc8
14. Nc4 e5 15. Rac1 Re8 16. Ba3 Nf5 17. e4 dxe3 18. fxe3 h5 19. Rxf5 Bxf5
20. Nd6 Be6 21. Qxb7 Qg5 22. Rc3 Nd4 23. exd4 exd4 24. Rd3 Red8 25. h4 Qg6
26. Qe4 Qxe4 27. Bxe4 Rab8 28. b3 Rb6 29. Nb7 Re8 30. Nd6 Rd8 31. Nb7 Re8
32. Nc5 Bh3 33. Rxd4 Rf6 34. Rd1 Bf5 35. Bxf5 Rxf5 36. Rd2 Re3 1/2-1/2

[Event "WR Chess Masters 2023"]
[Site "Dusseldorf GER"]
[Date "2023.02.24"]
[Round "8"]
[White "Gukesh,D"]
[Black "Duda,J"]
[Result "1/2-1/2"]
[WhiteElo "2718"]
[BlackElo "2729"]
[EventDate "2023.02.16"]

1. e4 e5 2. Nf3 Nf6 3. Nxe5 d6 4. Nf3 Nxe4 5. Nc3 Nxc3 6. dxc3 Be7 7. Be3
Nc6 8. Qd2 Be6 9. O-O-O Qd7 10. Kb1 a6 11. h3 Bf6 12. g4 h6 13. Bg2 O-O-O
14. b3 Kb8 15. Ng1 d5 16. Ne2 h5 17. g5 Be5 18. Nf4 Bxf4 19. Bxf4 h4 20. c4
d4 21. Qd3 Bf5 22. Bxc6 bxc6 23. Qd2 d3 24. Qb4+ Ka8 25. c3 g6 26. Qc5 Kb7
27. Qb4+ Kc8 28. Qa5 Kb7 29. Kb2 Rhe8 30. Rhe1 c5 31. Qxc5 Qc6 32. Qb4+ Qb6
33. Rxe8 Rxe8 34. Be3 Qxb4 35. cxb4 Bxh3 36. Rh1 1/2-1/2

[Event "WR Chess Masters 2023"]
[Site "Dusseldorf GER"]
[Date "2023.02.24"]
[Round "8"]
[White "Nepomniachtchi,I"]
[Black "Praggnanandhaa,R"]
[Result "1/2-1/2"]
[WhiteElo "2793"]
[BlackElo "2690"]
[EventDate "2023.02.16"]

1. e4 e5 2. Nf3 Nc6 3. Bc4 Bc5 4. c3 Nf6 5. d3 d6 6. O-O a6 7. a4 Ba7 8.
Re1 h6 9. Nbd2 O-O 10. h3 Ne7 11. d4 Nc6 12. dxe5 Nxe5 13. Nxe5 dxe5 14. a5
Be6 15. Bf1 Qe7 16. Qe2 Rfd8 17. b4 Bd7 18. Nf3 c5 19. Qb2 Bc6 20. Qb1 cxb4
21. cxb4 Bd4 22. Ra2 Rac8 23. Bd2 Qe6 24. Nxd4 Rxd4 25. f3 Bb5 26. Rc2 Bxf1
27. Rxf1 Rcd8 28. Bc3 Rc4 29. Ba1 Rxc2 30. Qxc2 Ne8 31. b5 axb5 32. Qc5 f6
33. Qxb5 Nd6 34. Qb4 Rc8 35. Rd1 Rc6 36. Kh2 Kh7 37. Rd5 Qd7 38. Bc3 Qc7
39. Be1 Nc8 40. Qf8 Rd6 41. Rb5 Ne7 42. Bb4 Qc1 43. Bxd6 Qf4+ 44. Kh1 Qc1+
45. Kh2 Qf4+ 46. Kh1 Qc1+ 1/2-1/2

[Event "WR Chess Masters 2023"]
[Site "Dusseldorf GER"]
[Date "2023.02.24"]
[Round "8"]
[White "So,W"]
[Black "Keymer,Vincent"]
[Result "0-1"]
[WhiteElo "2766"]
[BlackElo "2690"]
[EventDate "2023.02.16"]

1. e4 e5 2. Nf3 Nc6 3. Bc4 Nf6 4. d3 Bc5 5. c3 a6 6. O-O Ba7 7. a4 O-O 8.
h3 d6 9. Re1 h6 10. Nbd2 Be6 11. Bxe6 fxe6 12. b4 Ne7 13. Nf1 Ng6 14. Ra2
d5 15. Ng3 c6 16. a5 Rc8 17. c4 Rc7 18. exd5 exd5 19. c5 Re7 20. Nf5 Re6
21. N3d4 Ree8 22. Nb3 Qd7 23. Nd6 Re6 24. Rae2 Ne8 25. Nxe8 Qxe8 26. g3 Bb8
27. Re3 Qf7 28. Rf1 Rf6 29. Re2 Nh4 30. Nd2 Qg6 31. Re3 Nf5 32. Rf3 Re6 33.
Re1 Rfe8 34. Nf1 e4 35. dxe4 dxe4 36. Ra3 Nh4 37. Nh2 e3 38. Raxe3 Bxg3 39.
Ng4 Rxe3 40. Rxe3 Rxe3 41. Nxe3 Bf4+ 42. Qg4 Nf3+ 43. Kg2 Qxg4+ 44. hxg4
Ne1+ 45. Kf1 Nd3 46. Bd2 Ne5 47. Ke2 Bxe3 48. Kxe3 Nxg4+ 49. Kf4 Nxf2 50.
Ke5 h5 0-1

[Event "WR Chess Masters 2023"]
[Site "Dusseldorf GER"]
[Date "2023.02.24"]
[Round "8"]
[White "Giri,A"]
[Black "Abdusattorov,Nodirbek"]
[Result "1/2-1/2"]
[WhiteElo "2780"]
[BlackElo "2734"]
[EventDate "2023.02.16"]

1. e4 c5 2. Nf3 Nc6 3. d4 cxd4 4. Nxd4 Nf6 5. Nc3 d6 6. Bg5 e6 7. Qd2 a6 8.
O-O-O Bd7 9. Kb1 Nxd4 10. Qxd4 Be7 11. f4 Bc6 12. f5 Qa5 13. Bc4 exf5 14.
Rhf1 fxe4 15. Nxe4 Bxe4 16. Bxf6 Bxf6 17. Qxe4+ Qe5 18. Qxb7 O-O 19. Bxf7+
Kh8 20. Rfe1 Ra7 21. Qb3 Qxb2+ 22. Qxb2 Bxb2 23. Kxb2 Raxf7 24. Rxd6 Rf2
25. Rxa6 Rxg2 26. h3 Rb8+ 27. Kc1 h5 28. Rae6 Kh7 29. R6e2 Rxe2 30. Rxe2 g5
31. c4 Rc8 32. Rc2 Kg6 33. Kd2 Kf5 34. Ke3 g4 35. hxg4+ hxg4 36. Kd4 g3 37.
c5 Rg8 38. Rg2 Ke6 39. Kc4 Kd7 40. Kb5 Kc7 41. a4 Rb8+ 42. Kc4 Rg8 43. Kd5
Rg5+ 1/2-1/2

[Event "WR Chess Masters 2023"]
[Site "Dusseldorf GER"]
[Date "2023.02.25"]
[Round "9"]
[White "Aronian,L"]
[Black "Gukesh,D"]
[Result "1/2-1/2"]
[WhiteElo "2736"]
[BlackElo "2718"]
[EventDate "2023.02.16"]

1. d4 Nf6 2. c4 e6 3. Nf3 d5 4. Nc3 Bb4 5. Bg5 h6 6. Bxf6 Qxf6 7. e3 c5 8.
Rc1 dxc4 9. Bxc4 O-O 10. O-O cxd4 11. Nxd4 Bd7 12. Qb3 Nc6 13. Nxc6 Bxc3
14. Rxc3 Bxc6 15. Bb5 Bd5 16. Bc4 Bc6 17. Bb5 Bd5 18. Bc4 1/2-1/2

[Event "WR Chess Masters 2023"]
[Site "Dusseldorf GER"]
[Date "2023.02.25"]
[Round "9"]
[White "Keymer,Vincent"]
[Black "Nepomniachtchi,I"]
[Result "0-1"]
[WhiteElo "2690"]
[BlackElo "2793"]
[EventDate "2023.02.16"]

1. d4 Nf6 2. c4 g6 3. Nf3 Bg7 4. e3 O-O 5. Be2 d6 6. Nc3 Nbd7 7. h3 e5 8.
b4 exd4 9. exd4 d5 10. O-O dxc4 11. Bxc4 Nb6 12. Bb3 Nbd5 13. Nxd5 Nxd5 14.
b5 a6 15. bxa6 Rxa6 16. Bg5 Qd6 17. Qd2 Be6 18. Rfe1 c6 19. Rab1 Raa8 20.
Bh6 Rfe8 21. Bxg7 Kxg7 22. Re5 h6 23. Rbe1 f6 24. R5e4 Bf7 25. Nh2 Rxe4 26.
Rxe4 h5 27. Nf1 Rd8 28. Qe1 Rd7 29. Ne3 Nb6 30. Qc3 Nd5 31. Qe1 Nc7 32.
Bxf7 Rxf7 33. Nc2 Rd7 34. h4 Kf7 35. Qe3 Ne6 36. a3 Ng7 37. Qb3+ Qd5 38.
Qd3 Ne6 39. Nb4 Qd6 40. Qb3 Re7 41. Nc2 Kf8 42. Qe3 Ng7 43. Rxe7 Qxe7 44.
Qg3 Qe4 45. Qd6+ Kf7 46. Ne3 Qe7 47. Qb8 Qd7 48. a4 Ne6 49. Nc4 Ke7 50. Na5
Nd8 51. Qf4 Qd6 52. Qe4+ Kf7 53. Qb1 Qc7 54. Qb4 Qe7 55. Qb3+ Kg7 56. Qb6
Qe1+ 57. Kh2 Nf7 58. Nxb7 Qxf2 59. a5 Qxh4+ 60. Kg1 Qe1+ 61. Kh2 g5 62. Qc7
Qh4+ 63. Kg1 Qxd4+ 64. Kf1 Qd1+ 65. Kf2 Qd2+ 66. Kf1 g4 67. a6 Qd3+ 68. Kf2
Kg6 69. Qxc6 Ne5 70. Qc1 g3+ 71. Ke1 Qe4+ 72. Kf1 Qf5+ 73. Kg1 Qf2+ 74. Kh1
Qd4 75. Qc5 Qh4+ 76. Kg1 Nf3+ 77. Kf1 Qh1+ 78. Ke2 Qxg2+ 79. Ke3 Qf2+ 80.
Ke4 Ne5 81. Qd5 Qf3+ 82. Kd4 Nc6+ 0-1

[Event "WR Chess Masters 2023"]
[Site "Dusseldorf GER"]
[Date "2023.02.25"]
[Round "9"]
[White "Abdusattorov,Nodirbek"]
[Black "So,W"]
[Result "1/2-1/2"]
[WhiteElo "2734"]
[BlackElo "2766"]
[EventDate "2023.02.16"]

1. d4 Nf6 2. c4 e6 3. Nc3 Bb4 4. e3 c5 5. a3 Bxc3+ 6. bxc3 O-O 7. Bd3 Nc6
8. Ne2 b6 9. e4 Ne8 10. O-O Ba6 11. Qc2 Na5 12. e5 f5 13. Nf4 Bxc4 14. Bxc4
Nxc4 15. Qa2 b5 16. a4 cxd4 17. axb5 Nxe5 18. cxd4 Ng6 19. d5 Nxf4 20. Bxf4
Nc7 21. dxe6 dxe6 22. Rfe1 Re8 23. Bxc7 Qxc7 24. Rxe6 Rxe6 25. Qxe6+ Qf7
26. Qxf7+ Kxf7 27. b6 a5 28. b7 Rb8 29. Rxa5 Rxb7 30. Rxf5+ Kg6 31. g4 Rb4
32. h3 h6 33. Kg2 Rb3 34. Re5 Kf6 35. Ra5 g5 36. f3 Kg6 37. Rd5 Rb2+ 38.
Kg3 Rb3 39. Kf2 Rb2+ 40. Kg3 Rb3 41. Rd2 Ra3 42. Kf2 Ra7 43. Rd6+ Kg7 44.
Rd3 Ra2+ 45. Kg3 Ra7 46. h4 Rf7 47. Rd5 Kg6 48. h5+ Kg7 49. Re5 Ra7 50. Kf2
Kf6 51. Rf5+ Kg7 52. Rd5 Ra2+ 53. Ke3 Ra7 54. Ke4 Rf7 55. Rd3 Rf8 56. Rc3
Rf7 57. Ke5 Kh7 58. Kd6 Rf6+ 59. Kd7 Rf7+ 60. Ke8 Kg7 61. Re3 Rf8+ 62. Kd7
Rf4 63. Re7+ Kg8 64. Re6 Kg7 65. Re3 Kg8 66. Re6 Kg7 67. Re3 Kg8 68. Ke6
Kg7 69. Rd3 1/2-1/2

[Event "WR Chess Masters 2023"]
[Site "Dusseldorf GER"]
[Date "2023.02.25"]
[Round "9"]
[White "Duda,J"]
[Black "Giri,A"]
[Result "1/2-1/2"]
[WhiteElo "2729"]
[BlackElo "2780"]
[EventDate "2023.02.16"]

1. d4 d5 2. c4 c6 3. Nc3 Nf6 4. e3 Bf5 5. cxd5 cxd5 6. Qb3 Nc6 7. Qxb7 Bd7
8. Qb3 Rb8 9. Qd1 e5 10. Nf3 Bd6 11. Be2 e4 12. Nd2 h5 13. a3 a5 14. h3 Ne7
15. Nb3 Qb6 16. Nc5 Bxc5 17. dxc5 Qxc5 18. a4 O-O 19. Nb5 Bxb5 20. axb5 Nf5
21. Bd2 d4 22. exd4 Nxd4 23. Rc1 Qf5 24. Bxa5 Nxe2 25. Qxe2 Qxb5 26. Qxb5
Rxb5 27. Bc3 Nd5 28. O-O Nxc3 29. bxc3 Rc8 30. f3 Rbc5 1/2-1/2

[Event "WR Chess Masters 2023"]
[Site "Dusseldorf GER"]
[Date "2023.02.25"]
[Round "9"]
[White "Praggnanandhaa,R"]
[Black "Esipenko,Andrey"]
[Result "1/2-1/2"]
[WhiteElo "2690"]
[BlackElo "2675"]
[EventDate "2023.02.16"]

1. e4 e5 2. Nf3 Nf6 3. Nxe5 d6 4. Nf3 Nxe4 5. d4 d5 6. Bd3 Bd6 7. O-O O-O
8. c4 c6 9. Re1 Re8 10. Qc2 Na6 11. a3 Bg4 12. Ne5 Bxe5 13. dxe5 Nac5 14.
cxd5 Nxd3 15. Qxd3 Rxe5 16. Qd4 Qf6 17. Nd2 cxd5 18. Nxe4 dxe4 19. Rxe4
Rxe4 20. Qxe4 Qe6 21. Qxe6 Bxe6 22. Be3 a6 23. Rc1 Rc8 24. Rxc8+ Bxc8 25.
f3 f6 26. Kf2 Kf7 27. Bd4 Bd7 28. Ke3 Ke6 29. Bc3 Bc6 30. Bd4 Bd5 1/2-1/2